Tous les iPhones vendus par Apple - Statistiques

Statistiques générales
  • Ce quiz a été pris 146 fois
    13 depuis la dernière actualisation
  • Le résultat moyen est 39 sur 51
Statistiques - réponses
Présentation Modèle % Correct
12 septembre 2017 iPhone X
100%
10 septembre 2019 iPhone 11
92%
10 septembre 2019 iPhone 11 Pro
92%
10 septembre 2019 iPhone 11 Pro Max
92%
13 octobre 2020 iPhone 12
92%
13 octobre 2020 iPhone 12 Pro
92%
14 septembre 2021 iPhone 13
92%
7 septembre 2022 iPhone 14
92%
7 septembre 2022 iPhone 14 Pro
92%
13 septembre 2023 iPhone 15
92%
13 septembre 2023 iPhone 15 Pro
92%
9 septembre 2024 iPhone 16
92%
9 septembre 2024 iPhone 16 Pro
92%
9 septembre 2024 iPhone 16 Pro Max
92%
9 septembre 2025 iPhone 17
92%
9 septembre 2025 iPhone 17 Pro
92%
9 septembre 2025 iPhone 17 Pro Max
92%
9 septembre 2014 iPhone 6
92%
7 septembre 2016 iPhone 7
92%
13 octobre 2020 iPhone 12 Pro Max
83%
14 septembre 2021 iPhone 13 Pro
83%
7 septembre 2022 iPhone 14 Pro Max
83%
13 septembre 2023 iPhone 15 Pro Max
83%
7 juin 2010 iPhone 4
83%
12 septembre 2012 iPhone 5
83%
12 septembre 2017 iPhone 8
83%
12 septembre 2018 iPhone XR
83%
12 septembre 2018 iPhone XS
83%
13 octobre 2020 iPhone 12 Mini
75%
14 septembre 2021 iPhone 13 Pro Max
75%
9 septembre 2015 iPhone 6s
75%
14 septembre 2021 iPhone 13 Mini
67%
10 septembre 2013 iPhone 5s
67%
7 septembre 2016 iPhone 7 Plus
67%
21 mars 2016 iPhone SE 1
67%
15 avril 2020 iPhone SE 2
67%
13 septembre 2023 iPhone 15 Plus
58%
9 septembre 2024 iPhone 16 Plus
58%
9 juin 2008 iPhone 3G
58%
4 octobre 2011 iPhone 4S
58%
9 septembre 2014 iPhone 6 Plus
58%
12 septembre 2017 iPhone 8 Plus
58%
12 septembre 2018 iPhone XS Max
58%
19 février 2025 iPhone 16e
50%
9 septembre 2025 iPhone 17 Air
50%
2 mars 2026 iPhone 17e
50%
8 juin 2009 iPhone 3GS
50%
10 septembre 2013 iPhone 5c
50%
9 septembre 2015 iPhone 6s Plus
50%
8 mars 2022 iPhone SE3
50%
9 janvier 2007 iPhone 2G
42%
Aucun quiz correspondant
Distribution des résultats
% des personnes avec chaque résultat
Percentile par nombre de réponses
Votre historique - résultats
Vous n’avez pas pris ce quiz depuis la dernière actualisation